| 000 | 00717nam a2200289Ia 4500 | ||
|---|---|---|---|
| 008 | 171025s9999 xx 000 0 und d | ||
| 020 | _a9781595553027 | ||
| 050 | _a823.7 | ||
| 050 | _bL533 2009 | ||
| 100 | _aLeithart, Peter | ||
| 245 | _aJane Austen / | ||
| 245 | _cby Peter Leithart. | ||
| 260 | _aNashville, Tennessee : | ||
| 260 | _bThomas Nelson, | ||
| 260 | _c2009 | ||
| 300 | _a175 pages : | ||
| 300 | _billustrations ; | ||
| 300 | _c17cm. | ||
| 440 | _aChristian encounters. | ||
| 500 | _aIncludes appendix. | ||
| 650 | _aJane Austen -- | ||
| 650 | _aNovelist, English -- | ||
| 650 | _x1775-1817. | ||
| 650 | _x19th century -- Biography. | ||
| 700 | _aSeries. | ||
| 700 | _aTitle. | ||
| 999 |
_c344804 _d344804 |
||